<?xml version="1.0" encoding="UTF-8"?>
<record
    xmlns:xsi="http://www.w3.org/2001/XMLSchema-instance"
    xsi:schemaLocation="http://www.loc.gov/MARC21/slim http://www.loc.gov/standards/marcxml/schema/MARC21slim.xsd"
    xmlns="http://www.loc.gov/MARC21/slim">

  <leader>00821nam a22002177a 4500</leader>
  <controlfield tag="001">6122</controlfield>
  <controlfield tag="003">FISKH</controlfield>
  <controlfield tag="005">20250516152432.0</controlfield>
  <controlfield tag="008">250317b        cb ||||| |||| 00| 0 eng d</controlfield>
  <datafield tag="040" ind1=" " ind2=" ">
    <subfield code="a">FISKH</subfield>
    <subfield code="b">Khmer </subfield>
    <subfield code="c">FISKH</subfield>
    <subfield code="d">FISKH</subfield>
  </datafield>
  <datafield tag="050" ind1=" " ind2=" ">
    <subfield code="a">PZ7</subfield>
  </datafield>
  <datafield tag="082" ind1=" " ind2=" ">
    <subfield code="a">800</subfield>
  </datafield>
  <datafield tag="100" ind1=" " ind2=" ">
    <subfield code="a">Anonymous / &#x1780;&#x17D2;&#x179A;&#x17BB;&#x1798;&#x1787;&#x17C6;&#x1793;&#x17BB;&#x17C6;&#x1791;&#x17C6;&#x1793;&#x17C0;&#x1798;&#x1791;&#x1798;&#x17D2;&#x179B;&#x17B6;&#x1794;&#x17CB;&#x1781;&#x17D2;&#x1798;&#x17C2;&#x179A;</subfield>
  </datafield>
  <datafield tag="245" ind1=" " ind2=" ">
    <subfield code="a">&#x1794;&#x17D2;&#x179A;&#x1787;&#x17BB;&#x17C6;&#x179A;&#x17BF;&#x1784;&#x1796;&#x17D2;&#x179A;&#x17C1;&#x1784;&#x1781;&#x17D2;&#x1798;&#x17C2;&#x179A; :</subfield>
    <subfield code="b">&#x1797;&#x17B6;&#x1782;&#x200B; &#x17E7; /</subfield>
    <subfield code="c">&#x178A;&#x17C4;&#x1799; &#x1780;&#x17D2;&#x179A;&#x17BB;&#x1798;&#x1787;&#x17C6;&#x1793;&#x17BB;&#x17C6;&#x1791;&#x17C6;&#x1793;&#x17C0;&#x1798;&#x1791;&#x1798;&#x17D2;&#x179B;&#x17B6;&#x1794;&#x17CB;&#x1781;&#x17D2;&#x1798;&#x17C2;&#x179A;&#x200B;</subfield>
  </datafield>
  <datafield tag="260" ind1=" " ind2=" ">
    <subfield code="a">Phnom Penh : </subfield>
    <subfield code="b">Ministry of education, youth and sport ;</subfield>
  </datafield>
  <datafield tag="300" ind1=" " ind2=" ">
    <subfield code="a">85 pages : </subfield>
    <subfield code="b">illustrations ;</subfield>
    <subfield code="c">20 cm . </subfield>
  </datafield>
  <datafield tag="650" ind1=" " ind2=" ">
    <subfield code="a">&#x179A;&#x17BF;&#x1784;&#x1796;&#x17D2;&#x179A;&#x17C1;&#x1784;&#x1781;&#x17D2;&#x1798;&#x17C2;&#x179A;</subfield>
  </datafield>
  <datafield tag="650" ind1=" " ind2=" ">
    <subfield code="a">Khmer Folktale </subfield>
  </datafield>
  <datafield tag="942" ind1=" " ind2=" ">
    <subfield code="2">ddc</subfield>
    <subfield code="c">BK</subfield>
    <subfield code="n">0</subfield>
  </datafield>
  <datafield tag="999" ind1=" " ind2=" ">
    <subfield code="c">6122</subfield>
    <subfield code="d">6122</subfield>
  </datafield>
  <datafield tag="952" ind1=" " ind2=" ">
    <subfield code="0">0</subfield>
    <subfield code="1">0</subfield>
    <subfield code="2">ddc</subfield>
    <subfield code="4">0</subfield>
    <subfield code="7">0</subfield>
    <subfield code="8">KH</subfield>
    <subfield code="a">002</subfield>
    <subfield code="b">002</subfield>
    <subfield code="c">SKB</subfield>
    <subfield code="d">2025-03-17</subfield>
    <subfield code="l">1</subfield>
    <subfield code="o">ANO PZ7 800</subfield>
    <subfield code="p">FISSE02242</subfield>
    <subfield code="r">2025-11-10 10:08:40</subfield>
    <subfield code="s">2025-09-30</subfield>
    <subfield code="t">1</subfield>
    <subfield code="w">2025-03-17</subfield>
    <subfield code="y">KHB</subfield>
  </datafield>
  <datafield tag="952" ind1=" " ind2=" ">
    <subfield code="0">0</subfield>
    <subfield code="1">0</subfield>
    <subfield code="2">ddc</subfield>
    <subfield code="4">0</subfield>
    <subfield code="7">0</subfield>
    <subfield code="8">KH</subfield>
    <subfield code="a">002</subfield>
    <subfield code="b">002</subfield>
    <subfield code="c">SKB</subfield>
    <subfield code="d">2025-06-09</subfield>
    <subfield code="l">0</subfield>
    <subfield code="o">ANO PZ7 800</subfield>
    <subfield code="p">FISSE02225</subfield>
    <subfield code="r">2025-06-09 16:07:17</subfield>
    <subfield code="t">2</subfield>
    <subfield code="w">2025-06-09</subfield>
    <subfield code="y">KHB</subfield>
  </datafield>
</record>
